Countries with 3 borders - Statistics

General Stats
  • This quiz has been taken 21 times
  • The average score is 25 of 29
Answer Stats
Bordering countries Answer % Correct
Laos, Thailand, Vietnam Cambodia
100%
Argentina, Bolivia, Peru Chile
94%
Israel, Libya, Sudan Egypt
94%
Djibouti, Ethiopia, Sudan Eritrea
94%
Norway, Russia, Sweden Finland
94%
Brazil, Suriname, Venezuela Guyana
94%
Djibouti, Ethiopia, Kenya Somalia
94%
Andorra, France, Portugal Spain
94%
Croatia, Montenegro, Serbia Bosnia and Herzegovina
88%
DRC, Rwanda, Tanzania Burundi
88%
East Timor, Malaysia, Papua New Guinea Indonesia
88%
Belgium, France, Germany Luxembourg
88%
Brunei, Indonesia, Thailand Malaysia
88%
Belize, Guatemala, United States Mexico
88%
Finland, Russia, Sweden Norway
88%
Argentina, Bolivia, Brazil Paraguay
88%
Brazil, France, Guyana Suriname
88%
Eritrea, Ethiopia, Somalia Djibouti
82%
Burkina Faso, Ivory Coast, Togo Ghana
82%
El Salvador, Guatemala, Nicaragua Honduras
82%
Algeria, Mauritania, Spain Morocco
82%
China, Russia, South Korea North Korea
82%
Cameroon, Equatorial Guinea, Rep. Congo Gabon
76%
Saudi Arabia, United Arab Emirates, Yemen Oman
76%
Brazil, Colombia, Guyana Venezuela
76%
Guinea, Ivory Coast, Sierra Leone Liberia
71%
Cambodia, China, Laos Vietnam
71%
Mozambique, Tanzania, Zambia Malawi
65%
Benin, Burkina Faso, Ghana Togo
65%
No matching quizzes found
Score Distribution
Percent of People with Each Score
Percentile by Number Answered
Your Score History
You have not taken this quiz